|
|
|
|
| LEADER |
01209nam a22002657a 4500 |
| 001 |
39044 |
| 003 |
BD-DhAAL |
| 008 |
220629t1961 nyu||||| b||| 001 0 eng d |
| 999 |
|
|
|c 44483
|d 44483
|
| 020 |
|
|
|a 0671013203
|
| 040 |
|
|
|a BD-DhAAL
|c BD-DhAAL
|
| 082 |
|
|
|a 940.23
|2 23
|
| 100 |
|
|
|a Durant, Will,
|d 1885-1981.
|9 49825
|
| 245 |
|
|
|a The age of reason begins :
|b a history of European civilization in the period of Shakespeare, Bacon, Montaigne, Rembrandt, Galileo, and Descartes:
|n 1558-1648 /
|c Will Durant and Ariel Durant.
|
| 260 |
|
|
|a New York, N.Y. :
|b Simon and Schuster,
|c c1961.
|
| 300 |
|
|
|a xviii, 729 pages :
|b illustrations, maps, ports. ;
|c 24 cm.
|
| 490 |
|
|
|a The Story of civilization ;
|v 7
|
| 504 |
|
|
|a Includes bibliographical references and index.
|
| 541 |
|
|
|a Donated By Akbar Ali Khan
|e 39044
|
| 651 |
|
|
|a Europe
|x History
|y 1517-1648.
|9 49830
|
| 700 |
|
|
|a Durant, Ariel
|9 49831
|
| 830 |
|
|
|a The Story of civilization ; 7
|9 49827
|
| 852 |
|
|
|a Ayesha Abed Library
|c Akbar Ali Khan Collection
|
| 942 |
|
|
|2 ddc
|c BK
|
| 952 |
|
|
|0 0
|1 0
|2 ddc
|4 0
|6 940_230000000000000_DUR
|7 1
|9 71141
|a BRACUL
|b BRACUL
|c AAKC
|d 2022-06-29
|e Donated by Akbar Ali Khan
|l 1
|o 940.23 DUR
|p 3010039044
|r 2024-04-25
|s 2024-04-17
|t 1
|w 2022-06-29
|y BK
|